Mutiny and its aftermath / (Record no. 129754)
[ view plain ]
| 000 -LEADER | |
|---|---|
| fixed length control field | 00775nam a22002537a 4500 |
| 003 - CONTROL NUMBER IDENTIFIER | |
| control field | 0 |
| 005 - DATE AND TIME OF LATEST TRANSACTION | |
| control field | 20180630151750.0 |
| 008 - FIXED-LENGTH DATA ELEMENTS--GENERAL INFORMATION | |
| fixed length control field | 0 |
| 010 ## - LIBRARY OF CONGRESS CONTROL NUMBER | |
| LC control number | B-161584 |
| 020 ## - INTERNATIONAL STANDARD BOOK NUMBER | |
| Terms of availability | 1000.00 |
| International Standard Book Number | 8126115181 |
| 035 ## - SYSTEM CONTROL NUMBER | |
| System control number | B-161584, B-161586 |
| 037 ## - SOURCE OF ACQUISITION | |
| Source of stock number/acquisition | Cen Lib/Ret |
| 040 ## - CATALOGING SOURCE | |
| Original cataloging agency | DPL |
| Language of cataloging | EN |
| Transcribing agency | 0 |
| 082 ## - DEWEY DECIMAL CLASSIFICATION NUMBER | |
| Classification number | 954.083 |
| Item number | MUT |
| 245 ## - TITLE STATEMENT | |
| Title | Mutiny and its aftermath / |
| Statement of responsibility, etc | edited by OM Prakash |
| 260 ## - PUBLICATION, DISTRIBUTION, ETC. (IMPRINT) | |
| Place of publication, distribution, etc | New Delhi |
| Name of publisher, distributor, etc | Anmol publications |
| Date of publication, distribution, etc | 2004 |
| 270 ## - ADDRESS | |
| City | New Delhi |
| Address | 4374/4B, Ansari road Daryaganj |
| Postal code | 110002 |
| 300 ## - PHYSICAL DESCRIPTION | |
| Extent | x,400p. |
| Dimensions | 21cm(Hb) |
| 500 ## - GENERAL NOTE | |
| General note | Includes bibliographical references and index |
| 650 ## - SUBJECT ADDED ENTRY--TOPICAL TERM | |
| Topical term or geographic name as entry element | Political science |
| 9 (RLIN) | 104368 |
| 650 ## - SUBJECT ADDED ENTRY--TOPICAL TERM | |
| Topical term or geographic name as entry element | Sepoy Rebellion (India :--1857-1858) |
| 9 (RLIN) | 104369 |
| 700 ## - ADDED ENTRY--PERSONAL NAME | |
| Personal name | Om Prakash |
| 9 (RLIN) | 104370 |
| 942 ## - ADDED ENTRY ELEMENTS (KOHA) | |
| Source of classification or shelving scheme | Dewey Decimal Classification |
| Koha item type | English Books |
| Classification part | 954.083 |
| Call number suffix | MUT |
| Withdrawn status | Lost status | Damaged status | Not for loan | Home library | Current library | Date acquired | Source of acquisition | Cost, normal purchase price | Total Checkouts | Full call number | Barcode | Date last seen | Copy number | Cost, replacement price | Price effective from | Koha item type | Collection code | Source of classification or shelving scheme | Total Renewals | Date checked out |
|---|---|---|---|---|---|---|---|---|---|---|---|---|---|---|---|---|---|---|---|---|
| Central Library | Central Library | 07/07/2015 | Cen Lib/Ret | 1000.00 | 954.083 MUT | B-161584 | 07/07/2015 | 1 | 0.00 | 15/09/2016 | English Books | |||||||||
| Not For Loan | Central Library | Central Library | 28/07/2015 | Cen Lib/Ret | 1000.00 | 954.083 MUT | B-161585 | 28/07/2015 | 2 | 1000.00 | 28/07/2015 | English Books | Reference | |||||||
| Patel Nagar | Patel Nagar | 30/06/2018 | BPPD/Pub | 1000.00 | 954.083 MUT | B-161586 | 30/06/2018 | 1 | 1000.00 | 30/06/2018 | English Books | Non-fiction | Dewey Decimal Classification | |||||||
| Sarojini Nagar | Sarojini Nagar | 05/02/2019 | 1 | 954.083 MUT | B-181587 | 12/06/2023 | 05/02/2019 | English Books | Non-fiction | Dewey Decimal Classification | 2 | 15/05/2023 |
